| 000 | 03639cgm a2200745Ia 4500 | ||
|---|---|---|---|
| 999 |
_c43310 _d43310 |
||
| 001 | ocm74671226 | ||
| 003 | OCoLC | ||
| 005 | 20241220115932.0 | ||
| 007 | vd cvaizq | ||
| 008 | 061030p20061999cau128 d vleng d | ||
| 024 | 1 |
_a027616060006 _cset |
|
| 028 | 4 | 2 |
_a106000 _bMetro Goldwyn Mayer Home Entertainment |
| 035 | _a(Sirsi) o74671226 | ||
| 035 |
_a(OCoLC)74671226 _z(OCoLC)75960135 _z(OCoLC)76893263 |
||
| 037 |
_bMidwest Tape _nhttp://www.midwesttapes.com |
||
| 040 |
_aTEFMT _cTEFMT _dRLS _dRCS _dFFL _dTXW _dUINTA _erda |
||
| 041 | 1 |
_aeng _afre _beng _bfre _bspa _bchi _bkor _btha _heng |
|
| 049 | _aUCLB | ||
| 050 | 1 | 4 |
_aPN1997 _b.W6753 2006 |
| 082 | 0 | 4 |
_a791.43/72 _222 |
| 092 | _a791.437 | ||
| 245 | 0 | 0 |
_aJames Bond : The World Is Not Enough _h[videorecording] / _cAlbert R. Broccoli's Eon Productions Limited ; produced by Michael G. Wilson and Barbara Broccoli ; directed by Michael Apted. |
| 246 | 1 |
_iTitle on set container: _aJames Bond, 007. _nVolume 1 |
|
| 250 | _aUltimate ed. | ||
| 260 |
_aBeverly Hills, CA : _bMetro Goldwyn Mayer Home Entertainment : _b20th Century Fox Home Entertainment, _cc2006, p1999. |
||
| 264 |
_aBeverly Hills, CA : _bMetro Goldwyn Mayer Home Entertainment : _b20th Century Fox Home Entertainment, _cc2006, p1999. |
||
| 300 |
_a1 videodisc (128 min.) : _bsd., col. ; _c4 3/4 in. |
||
| 336 | _atwo-dimensional moving image | ||
| 337 | _avideo | ||
| 338 | _avideodisc | ||
| 500 | _aBased on the novel by Ian Fleming. | ||
| 500 | _aOriginally released as a motion picture in 1999. | ||
| 500 | _aSpecial features: Declassified: M16 vault; 007 mission control; Mission dossier; ministry of propaganda. | ||
| 508 | _aDirector of photography, Adrian Biddle; editor, Jim Clark; music, David Arnold ; screenplay by Neal Purvis & Robert Wade and Bruce Feirstein. | ||
| 511 | 0 | _aPierce Brosnan, Sophie Marceau, Robert Carlyle, Denise Richards, Robbie Coltrane, Judi Dench. | |
| 520 | _aPierce Brosnan returns as Bond, charged to protect a gorgeous billionaire heiress from the ruthless hands of a nuclear-obsessed terrorist who wants control of the world's petroleum supply. | ||
| 521 | 8 | _aMPAA rating: PG-13. | |
| 538 | _aDVD, region 1, anamorphic widescreen (2.35:1) presentation; DTS surround, 5.1 Dolby surround, dual layer, NTSC. | ||
| 546 | _aEnglish or French dialogue ; subtitles in English, French, Spanish, Mandarin Chinese, Korean, Thai ; closed-captioned. | ||
| 650 | 0 |
_aBond, James (Fictitious character) _vDrama. _95726912 |
|
| 650 | 0 |
_aSpies _vDrama. _95709316 |
|
| 650 | 0 |
_aEspionage _vDrama. _95709317 |
|
| 650 | 4 |
_aBond, James (Fictitious character) _vDrama. _95726912 |
|
| 650 | 4 |
_aSpies _vDrama. _95709316 |
|
| 650 | 4 |
_aEspionage _vDrama. _95709317 |
|
| 650 | 4 |
_aDVDs. _96167045 |
|
| 655 | 0 |
_aFeature films. _96167040 |
|
| 655 | 0 |
_aSpy films. _96167041 |
|
| 655 | 0 |
_aVideo recordings for the hearing impaired. _96167042 |
|
| 655 | 7 |
_aEspionage _vFeature. _2local _96358758 |
|
| 655 | 7 |
_aAdaptation _vFeature. _2local _96358759 |
|
| 700 | 1 |
_aWilson, Michael G., _d1942- _939495 |
|
| 700 | 1 |
_aBroccoli, Barbara, _d1960- _968877 |
|
| 700 | 1 |
_aApted, Michael. _938675 |
|
| 700 | 1 |
_aBrosnan, Pierce. _945531 |
|
| 700 | 1 |
_aMarceau, Sophie, _d1966- _963376 |
|
| 700 | 1 |
_aCarlyle, Robert, _d1961- _964633 |
|
| 700 | 1 |
_aRichards, Denise, _d1972- _964748 |
|
| 700 | 1 |
_aColtrane, Robbie. _961455 |
|
| 700 | 1 |
_aDench, Judi, _d1934- _929157 |
|
| 710 | 2 |
_aEon Productions, Ltd. _96167046 |
|
| 710 | 2 |
_aMGM Home Entertainment Inc. _964163 |
|
| 710 | 2 |
_aTwentieth Century Fox Home Entertainment, Inc. _961951 |
|
| 942 |
_cDVD _2ddc |
||